XI Humedales de la Orinoquía (Registro nro. 17447)

Detalles MARC
000 -CABECERA
Campo de control 01451nam a22003257a 4500
005 - FECHA Y HORA DE LA ULTIMA TRANSACCION
Campo de control 20200104041729.0
008 - ELEMENTOS DE LONGITUD FIJA—INFORMACION GENERAL
Campo de control 150522b ck ||||| |||| 00| 0 spa d
020 ## - ISBN
ISBN 9789588889146
040 ## - FUENTE DE CATALOGACIÓN
Agencia catalogadora original Co-BoIAVH
Agencia transcriptora Co-BoIAVH
041 0# - IDIOMA
Código de idioma para texto/pista de sonido o título separado Español
044 ## - PAÍS DE PUBLICACIÓN
País de publicación Colombia
082 04 - NUMERO DE CLASIFICACION DECIMAL DEWEY
Número de clasificación 333.9181
Número del ítem L34x
245 13 - MENCION DE TITULO
Título XI Humedales de la Orinoquía
Mención de responsabilidad Carlos A. Lasso.
Parte restante del título (Colombia-Venezuela) /
250 ## - MENCION DE EDICION
Mención de edición Ed. 23
260 3# - PUBLICACION, DISTRIBUCION, ETC. (PIE DE IMPRENTA)
Lugar de publicación, distribución, etc. Bogotá:
Nombre del editor, distribuidor, etc. Instituto de Investigación de Recursos Biológicos Alexander von Humboldt,
Fecha de publicación, distribución, etc. 2014.
300 ## - DESCRIPCION FISICA
Extensión 303 p.
Otros detalles físicos il., col, tablas, map.
Dimensiones 25 cm
490 0# - MENCION DE SERIE
Mención de serie Serie de recursos hidrobiologicos y pesqueros continentales de colombia
504 ## - NOTA DE BIBLIOGRAFIA, ETC.
Nota de bibliografía Bibliografía:p. 285-301.
520 ## - NOTA DE RESUMEN, ETC.
Nota de resumen Es un libro que reúne años de trabajo y observación en los humedales de esta cuenca, gracias al aporte de investigadores de Venezuela y Colombia cuyos datos, apuntes y análisis han servido para la identificación y descripción de grandes regiones del Orinoco.
650 ## - ASIENTO SECUNDARIO DE MATERIA - TERMINO TEMATICO
Término temático o nombre geográfico como elemento de entrada Humedales
Subdivisión geográfica Colombia-Venezuela
9 (RLIN) 40442
650 ## - ASIENTO SECUNDARIO DE MATERIA - TERMINO TEMATICO
Término temático o nombre geográfico como elemento de entrada Humedales
Subdivisión de forma Caracterización
9 (RLIN) 40443
650 ## - ASIENTO SECUNDARIO DE MATERIA - TERMINO TEMATICO
Término temático o nombre geográfico como elemento de entrada Vegetación Acuatica
Subdivisión geográfica Orinoquía
9 (RLIN) 40444
650 ## - ASIENTO SECUNDARIO DE MATERIA - TERMINO TEMATICO
Término temático o nombre geográfico como elemento de entrada Cuencas Hidrográficas
Subdivisión geográfica Orinoquía
9 (RLIN) 40445
700 1# - ASIENTO SECUNDARIO - NOMBRE PERSONAL
Nombre personal Lasso, Carlos A.
Término de relación editor
9 (RLIN) 242
700 1# - ASIENTO SECUNDARIO - NOMBRE PERSONAL
Nombre personal Rial, Anabel
Término de relación editor
9 (RLIN) 367
700 1# - ASIENTO SECUNDARIO - NOMBRE PERSONAL
Nombre personal Colonello, Giuseppe
Término de relación editor
9 (RLIN) 33980
700 1# - ASIENTO SECUNDARIO - NOMBRE PERSONAL
Nombre personal Machado-Allison, Antonio
Término de relación editor
9 (RLIN) 20642
700 1# - ASIENTO SECUNDARIO - NOMBRE PERSONAL
Nombre personal Trujillo, Fernando
Término de relación editor
9 (RLIN) 366
942 ## - ELEMENTOS ADICIONALES (KOHA)
Sistema de clasificación Dewey Decimal Classification
Tipo de ítem Libro
Koha issues (borrowed), all copies 1
Existencias
Withdrawn status Lost status Sistema de Clasificación Damaged status No para préstamo Colección Inventariado Ubicación Permanente Ubicación actual Fecha de adquisición Fuente de Valor Valor Total Checkouts Número topográfico Inventario / Código de Barras Date last seen Ejemplar Price effective from Forma de adquisición Tipo de material Date checked out
    Dewey Decimal Classification     Humboldt Inventariado 2017 Bogotá Bogotá 03/06/2015 Instituto 39000.00   IAVH-333.9181 L34x 039040 03/06/2015 Ej. 1 03/06/2015 Institucional Libro  
    Dewey Decimal Classification     Humboldt Inventariado 2017 Bogotá Bogotá 05/06/2015 Instituto 39000.00 1 IAVH-333.9181 L34x 039041 20/08/2019 Ej. 2 05/06/2015 Institucional Libro 20/08/2019
    Dewey Decimal Classification     Humboldt Inventariado 2017 Sala Fabio Quevedo Sala Fabio Quevedo 05/06/2015 Instituto 39000.00 1 IAVH-333.9181 L34x 039039 22/09/2017 Ej. 3 05/06/2015 Institucional Libro 22/09/2017
    Dewey Decimal Classification     Humboldt Inventariado 2017 Villa de Leyva Villa de Leyva 30/08/2017 Instituto 39000.00   IAVH-333.9181 L34x 042806 30/08/2017 Ej. 4 30/08/2017 Institucional Libro